000 00283nam a2200121Ia 4500
008 190216s9999||||xx |||||||||||||| ||und||
100 _aRuth Prawer Jhabvala
245 0 _aLike Birds Like Fishes
260 _bOrient Paper Back
300 _a224p
650 _aSpeeches
942 _cBK
999 _c12176
_d12176